Jetpunk Discord Member by Native Language - Statistics

General Stats
  • This quiz has been taken 32 times
    18 since last reset
  • The average score is 25 of 37
Answer Stats
Hint Answer % Correct
Gassu Bernese German
88%
CringeDragon English
82%
JetPunk English
82%
Devvik2 English
76%
Dug28 English
76%
FlabberBapper English
76%
Stewart English
76%
WolfCam English
76%
Lovelyladylori English
71%
Macaco English
71%
Malkiboy English
71%
MiracleMax English
71%
NINJAQKk English
71%
Quizzer English
71%
RedLightning English
71%
ShipAtack English
71%
TheLetter4 English
71%
UG English
71%
Nikhaz English/Kurdish
71%
Gyrule French
71%
Poirot French
71%
Lucknowite Hindi
71%
Saturn Polish
71%
József Walloon French
71%
Nilles Dutch
65%
Penguinish Finnish
65%
Stef2 Flemish
65%
Lele_20 German
65%
IAB Portuguese
65%
Rawe Spanish
65%
Christoffowitz Danish
59%
OskarRB Danish
59%
Nate German
59%
Pacybwoah Taiwanese Mandarin
59%
FerroequinoSWAT Bengali
53%
GeoPhilia Hindi
53%
Rg Cantonese
35%
No matching quizzes found
Score Distribution
Percent of People with Each Score
Percentile by Number Answered
Your Score History
You have not taken this quiz since the last reset